000 01148 a2200241 4500
001 33384
005 20260407155626.0
008 260407a1996 arg spa d
003 AR-UNSa-BCEJYS
040 _aAR-UNSa-BCEJYS
_bspa
_cAR-UNSa-BCEJYS
080 _a658.016.7
_xPrincipios generales. Eficiencia. Racionalización. Productividad (Reingeniería)
245 1 0 _aReingeniería de procesos de negocios
020 _a968-18-5162-5
264 1 _aMéxico :
_bLimusa
_c1996
300 _a268 p.
_c23 cm.
505 _a1. ¿ Cuál es la nueva manera de pensar? - 2.¿ Por qué la nueva manera de pensar ? - 3. Comprensión de los procesos - 3. Comprensión de los procesos - 4. Pegando la vajilla de porcelana - 5. Búsqueda de innovación radical - 6. Los nuevos activos - 7. Administración de procesos en negocios grandes - 8. Organización y administración para alcanzar el éxito - 9. Conclusión - Apéndice: Trazo de mapas de procesos.
942 _cBK
590 _aniveau_biblio:m niveau_hierar:0
100 1 _aJohansson, Henry J.
700 1 _aMcHugh, Patrick
700 1 _aPendlebury, A. John
700 1 _aWheeler, William A. III
999 _c2344
_d2344